000
00310nam a22001337a 4500
008
180111b xxu||||| |||| 00| 0 eng d
020
_a
9781482260960
041
_a
eng
080
_2
96th
_a
541
100
_a
12
101
_a
KIM
245
_a
Handbook of Chemistry and Physics
_c
Haynes, W.M
942
_2
udc
_c
BK
999
_c
40090
_d
40090